[Event "Admont 4 Lands (Women)"]
[Site "Admont"]
[Date "2017.06.04"]
[Round "2.6"]
[White "Tschida, Verena"]
[Black "Holler, Sandra"]
[Result "1-0"]
[WhiteElo "1574"]
[BlackElo "1357"]
[PlyCount "157"]
[EventDate "2017.06.03"]
[EventType "team-tourn"]
[EventRounds "3"]
[EventCountry "AUT"]
[SourceTitle "EXT 2020"]
[Source "ChessBase"]
[SourceDate "2019.10.17"]
[SourceVersion "1"]
[SourceVersionDate "2019.10.17"]
[SourceQuality "1"]
[WhiteTeam "Burgenland (W)"]
[BlackTeam "Oberoesterreich (W)"]
[WhiteTeamCountry "AUT"]
[BlackTeamCountry "AUT"]

1. d4 d5 2. c4 e5 3. dxe5 d4 4. Nd2 Nc6 5. Ngf3 Bc5 6. a3 a5 7. Nb3 b6 8. Nxc5 bxc5 9. Bg5 Nge7 10. g3 0-0 11. Bg2 Rb8 12. b3 Qe8 13. 0-0 Ng6 14. Re1 Ncxe5 15. Nxe5 Nxe5 16. Bd2 a4 17. b4 Nxc4 18. bxc5 Nxd2 19. Qxd2 Qe5 20. Rec1 Re8 21. Bc6 Rd8 22. Bxa4 Ba6 23. Ra2 g6 24. Bc6 Qe6 25. Bf3 d3 26. e3 Bc4 27. Raa1 Bb3 28. Rab1 Bc2 29. Rxb8 Rxb8 30. Bd1 Qb3 31. Bxc2 dxc2 32. Qxc2 Qxa3 33. Rd1 Rb2 34. Rd8+ Kg7 35. Qc4 Qa1+ 36. Kg2 Qb1 37. Qd4+ Kh6 38. Qf4+ Kg7 39. Rd7 Qa2 40. Rxc7 Qd5+ 41. Qf3 Qxf3+ 42. Kxf3 Kf8 43. c6 Ke8 44. Rc8+ Ke7 45. Rh8 Rc2 46. Rxh7 Rxc6 47. Rh4 f5 48. Rd4 Ke6 49. h4 Ke5 50. Ra4 Kf6 51. Kf4 Rc2 52. Ra6+ Kf7 53. f3 Rf2 54. e4 fxe4 55. Kxe4 Re2+ 56. Kf4 Kg7 57. g4 Re8 58. g5 Rf8+ 59. Kg4 Rd8 60. h5 Rd4+ 61. Kg3 gxh5 62. Rh6 h4+ 63. Rxh4 Rd3 64. Kg4 Kg6 65. f4 Rd4 66. Rh6+ Kf7 67. Rf6+ Kg7 68. Kh5 Rd1 69. Re6 Rh1+ 70. Kg4 Rg1+ 71. Kf5 Rd1 72. g6 Rd5+ 73. Re5 Rd7 74. Kg5 Rc7 75. f5 Rd7 76. f6+ Kf8 77. Re7 Rxe7 78. fxe7+ Kxe7 79. Kh6 1-0